Miracle in Darien. (Record no. 13701)

000 -LEADER
fixed length control field 00753nam a2200229 a 4500
001 - CONTROL NUMBER
control field :::00011524$&:&@@
003 - CONTROL NUMBER IDENTIFIER
control field OkBaRHE
005 - DATE AND TIME OF LATEST TRANSACTION
control field 20000607103409.0
008 - FIXED-LENGTH DATA ELEMENTS--GENERAL INFORMATION
fixed length control field s1979 j 000 0 eng u
020 ## - INTERNATIONAL STANDARD BOOK NUMBER
International Standard Book Number 0882703552
040 ## - CATALOGING SOURCE
Transcribing agency
100 1# - MAIN ENTRY--PERSONAL NAME
Personal name Slosser, Bob.
245 10 - TITLE STATEMENT
Title Miracle in Darien.
260 ## - PUBLICATION, DISTRIBUTION, ETC. (IMPRINT)
Place of publication, distribution, etc Plainfield, NJ., :
Name of publisher, distributor, etc Logos International
Date of publication, distribution, etc c1979
300 ## - PHYSICAL DESCRIPTION
Extent 268 p. ;
Dimensions 22 cm.
650 ## - SUBJECT ADDED ENTRY--TOPICAL TERM
Topical term or geographic name as entry element Clergy
General subdivision United States
-- Biography
650 ## - SUBJECT ADDED ENTRY--TOPICAL TERM
Topical term or geographic name as entry element Fullman, Terry.
650 ## - SUBJECT ADDED ENTRY--TOPICAL TERM
Topical term or geographic name as entry element Protestant Episcopal Church in the United States
General subdivision Clergy
-- Biography
650 ## - SUBJECT ADDED ENTRY--TOPICAL TERM
Topical term or geographic name as entry element St. Paul's Episcopal Church (Darien, Conn.)
942 ## - ADDED ENTRY ELEMENTS (KOHA)
Source of classification or shelving scheme
Koha item type Books
Copies
Source of classification or shelving scheme Copy number Date last seen Price effective from Barcode Withdrawn status Koha item type Full call number Damaged status Permanent Location Lost status Shelving location Not for loan Date acquired
 12010-04-142010-04-1411524 BooksBX 5995 .F78S58 RHEMA Bible Training College General Stacks 2010-04-14